|
|
|
|
| LEADER |
00674nam a22002052a 4500 |
| 001 |
000073084 |
| 003 |
CZ BrMZK |
| 005 |
20110629120647.0 |
| 008 |
950407s1974 xo f slo d |
| 040 |
|
|
|a BOA001
|b cze
|
| 100 |
1 |
|
|a Okoličány, Berco
|7 mzk2011647904
|
| 245 |
1 |
0 |
|a Ilustrované pravidlá ľadového hokeja /
|c Berco Okoličány, Jozef Hrušovský
|
| 250 |
|
|
|a 1. vyd.
|
| 260 |
|
|
|a Bratislava :
|b Šport,
|c 1974
|
| 300 |
|
|
|a 183 s.
|
| 700 |
1 |
|
|a Hrušovský, Jozef,
|c ilustrátor
|
| 910 |
|
|
|a BOA001
|b PK-A-0015.305
|
| 964 |
|
|
|a Hokej lední - pravidla
|
| 990 |
|
|
|a BK
|
| 996 |
7 |
|
|b 3119964364
|c PK-A-0015.305
|l MZK
|r Sklad / do 1 hodiny
|n 2
|w 000073084
|u 000010
|a 1
|e BOA001
|j MZK50
|s A
|